Statistics for UK History Picture Quiz - E

Click here to take the quiz!

General Stats

  • This quiz has been taken 299 times
  • The average score is 10 of 15

Answer Stats

Answer% Correct
{Elizabeth} II
99%
{Edward} VIII
98%
{Eden} Project
95%
Edinburgh
92%
EastEnders
87%
Private {Eye}
83%
Eddie "The {Eagle}" Edwards
82%
{Enoch} Powell
66%
Ford {Escort}
66%
{Epsom} Downs
61%
Eurotunnel
57%
Edward {Elgar}
53%
Enniskillen
32%
Exmoor
22%
National {Eisteddfod}
22%

Score Distribution

Percentile by Number Answered

Percent of People with Each Score

Your Score History

You have not taken this quiz